El Pasante/ (Record no. 3458)

MARC details
000 -LEADER
campo de control de longitud fija 01498nam a22004337a 4500
003 - IDENTIFICADOR DE NÚMERO DE CONTROL
campo de control OSt
005 - FECHA Y HORA DE LA ÚLTIMA TRANSACCIÓN
campo de control 20230424104558.0
008 - DATOS DE LONGITUD FIJA--INFORMACIÓN GENERAL
campo de control de longitud fija 221006b |||||||| |||| 00| 0 eng d
040 ## - FUENTE DE CATALOGACIÓN
Centro/agencia transcriptor Biblioteca Lado V
082 ## - NÚMERO DE LA CLASIFICACIÓN DECIMAL DEWEY
Número de clasificación 700
Número de ítem S929p
100 ## - ENTRADA PRINCIPAL--NOMBRE DE PERSONA
9 (RLIN) 814
Nombre de persona Stuart, Jacobo F.J.
Término indicativo de función/relación director
245 ## - MENCIÓN DEL TÍTULO
Título El Pasante/
Resto del título Procesos/
260 ## - PUBLICACIÓN, DISTRIBUCIÓN, ETC.
Nombre del editor, distribuidor, etc. Ediciones Siruela S.A.
Lugar de publicación, distribución, etc. España
300 ## - DESCRIPCIÓN FÍSICA
Dimensiones 21x30cm
Extensión 184p.
490 ## - MENCIÓN DE SERIE
Mención de serie 8
505 ## - NOTA DE CONTENIDO CON FORMATO
Título Manual de instruccines para Etant donnes
505 ## - NOTA DE CONTENIDO CON FORMATO
Título Octavio Paz
505 ## - NOTA DE CONTENIDO CON FORMATO
Título COSMOGONIAS
505 ## - NOTA DE CONTENIDO CON FORMATO
Título Oliver Sacks y Robert Wasserman
505 ## - NOTA DE CONTENIDO CON FORMATO
Título El secreto de Andy Warhol
505 ## - NOTA DE CONTENIDO CON FORMATO
Título Andy en subasta
505 ## - NOTA DE CONTENIDO CON FORMATO
Título Luis Gordillo
505 ## - NOTA DE CONTENIDO CON FORMATO
Título Jean Jacques Lequeu
505 ## - NOTA DE CONTENIDO CON FORMATO
Título Peter Eisenman
505 ## - NOTA DE CONTENIDO CON FORMATO
Título La caza de la idea esquiva
505 ## - NOTA DE CONTENIDO CON FORMATO
Título Wim Wenders
505 ## - NOTA DE CONTENIDO CON FORMATO
Título Plein Sud
505 ## - NOTA DE CONTENIDO CON FORMATO
Título Textos Originales y Traducciones al ingles
650 ## - PUNTO DE ACCESO ADICIONAL DE MATERIA--TÉRMINO DE MATERIA
Fuente del encabezamiento o término Tesauro de Arte & Arquitectura
Término de materia o nombre geográfico como elemento de entrada CONCIENCIA SOCIAL
9 (RLIN) 703
650 ## - PUNTO DE ACCESO ADICIONAL DE MATERIA--TÉRMINO DE MATERIA
Fuente del encabezamiento o término Tesauro de Arte & Arquitectura
Término de materia o nombre geográfico como elemento de entrada HISTORIA
650 ## - PUNTO DE ACCESO ADICIONAL DE MATERIA--TÉRMINO DE MATERIA
Fuente del encabezamiento o término Tesauro de Arte & Arquitectura
Término de materia o nombre geográfico como elemento de entrada ARTE COSTARRICENSE
650 ## - PUNTO DE ACCESO ADICIONAL DE MATERIA--TÉRMINO DE MATERIA
Fuente del encabezamiento o término Tesauro de Arte & Arquitectura
Término de materia o nombre geográfico como elemento de entrada CULTURA
650 ## - PUNTO DE ACCESO ADICIONAL DE MATERIA--TÉRMINO DE MATERIA
Fuente del encabezamiento o término Tesauro de Arte & Arquitectura
Término de materia o nombre geográfico como elemento de entrada ARTE LATINOAMERICANO
650 ## - PUNTO DE ACCESO ADICIONAL DE MATERIA--TÉRMINO DE MATERIA
Fuente del encabezamiento o término Tesauro de Arte & Arquitectura
Término de materia o nombre geográfico como elemento de entrada TEORIA
650 ## - PUNTO DE ACCESO ADICIONAL DE MATERIA--TÉRMINO DE MATERIA
Fuente del encabezamiento o término Tesauro de Arte & Arquitectura
Término de materia o nombre geográfico como elemento de entrada LITERATURA
650 ## - PUNTO DE ACCESO ADICIONAL DE MATERIA--TÉRMINO DE MATERIA
Fuente del encabezamiento o término Tesauro de Arte & Arquitectura
Término de materia o nombre geográfico como elemento de entrada CRITICA
650 ## - PUNTO DE ACCESO ADICIONAL DE MATERIA--TÉRMINO DE MATERIA
Fuente del encabezamiento o término Tesauro de Arte & Arquitectura
Término de materia o nombre geográfico como elemento de entrada TEATRO
942 ## - ELEMENTOS DE ENTRADA SECUNDARIOS (KOHA)
Fuente del sistema de clasificación o colocación Clasificación Decimal Dewey
Tipo de ítem Koha Libros
Parte de la signatura que corresponde a la clasificación (Parte de la clasificación) 700
Parte de la signatura que identifica el ejemplar (Parte del ítem) S929p
Suprimir en OPAC No
Holdings
Estatus retirado Estado de pérdida Fuente del sistema de clasificación o colocación Estado de daño No para préstamo Colección Biblioteca de origen Biblioteca actual Fecha de adquisición Enumeración/cronología de publicación seriada Número de inventario Total de préstamos Signatura topográfica completa Código de barras Visto por última vez Precio de reemplazo Tipo de ítem Koha
    Clasificación Decimal Dewey     Revistas Biblioteca LadoV Biblioteca LadoV 24/04/2023 8 003582   700 S929p 003582 24/04/2023 24/04/2023 Libros